[Event "WYCC 2018 O18"]
[Site "Halkidiki"]
[Date "2018.10.20"]
[Round "1"]
[White "Rovira Vila, Jaume"]
[Black "Radovanovic, Mihajlo"]
[Result "0-1"]
[WhiteElo "2156"]
[BlackElo "2466"]
[Annotator "TA"]
[PlyCount "102"]
[EventDate "2018.10.20"]
[EventType "swiss"]
[EventCountry "GRE"]
[SourceTitle "playchess.com"]
[Source "ChessBase"]
[SourceQuality "1"]

{[%evp 9,102,0,0,-5,-7,-5,0,-4,1,-2,-3,-12,-8,-10,0,0,6,5,2,8,28,38,7,1,9,4,31,15,16,16,11,7,12,0,0,0,72,-4,0,-22,-19,-25,-27,-27,-20,-23,0,0,0,-36,0,-27,16,7,1,0,0,-7,0,-68,-69,-62,-27,-16,0,-137,-81,-137,-140,-289,-301,-335,-246,-335,-335,-335,-317,-328,-329,-314,-307,-321,-283,-524,-510,-5352,-3498,-5726,-5726,-6675,-1769,-29978,-29980,-29965,-6483]} 1. d4 Nf6 2. Bg5 d5 3. e3 e6 4. Nd2 h6 5. Bh4 b6 (5... c5 6. c3 Be7 7. Bd3 Qb6 8. Rb1 Bd7 9. a4 Bc6 10. dxc5 Qxc5 11. b4 Qxc3 12. Rb3 {1-0 (26) Andreikin,D (2702)-Wang,Y (2690) China 2018}) 6. Bb5+ {D00: 1 d4 d5: Unusual lines} c6 7. Bd3 Be7 8. Qe2 {The position is equal.} Bb7 9. c3 c5 10. Bxf6 $146 ({Predecessor:} 10. f4 Nc6 11. Ngf3 Ne4 12. Bxe7 Nxe7 13. Bb5+ {1-0 (25) Chernyshov,K (2529)-Bartos,J (2240) Pardubice 2015}) 10... Bxf6 11. f4 Bh4+ 12. g3 Be7 13. Ngf3 Nd7 14. Ne5 O-O 15. Nxd7 Qxd7 16. O-O Bd6 17. Nf3 f5 18. Ne5 Bxe5 19. fxe5 Qe7 20. Rf2 Qg5 21. Kh1 Rf7 22. Raf1 {Hoping for g4!} Raf8 {[#]} (22... c4 $11 {keeps the balance.} 23. Bc2 h5) 23. Rf4 (23. g4 $1 $16) 23... g6 {[%cal Bg7g6,Bg6g5][%mdl 32]} 24. Qg2 h5 25. Kg1 Qh6 26. Be2 g5 27. R4f2 Rg7 28. Qf3 Bc6 29. Rg2 Be8 30. h4 Kh8 31. hxg5 Rxg5 32. Kf2 Rg4 33. Rh1 Bg6 34. Ke1 (34. Rgh2 $11) 34... cxd4 35. cxd4 Rc8 36. Bd1 Qg5 37. Rh4 (37. Rgg1 $11 {remains equal.}) 37... Kg7 (37... Rc1 $142 38. Rxg4 Qxg4 39. Qxg4 fxg4) 38. Rxg4 (38. Rh3 $142) 38... fxg4 $17 ({Resist} 38... hxg4 39. Qe2 $15) 39. Qf4 (39. Qe2 $17) 39... Qxf4 $19 40. exf4 {[%mdl 4096] Endgame KRB-KRB} Rc4 41. Rd2 Rc1 42. Rh2 Rb1 43. Rd2 Be4 44. Kf2 Rc1 45. Be2 Rh1 46. Bf1 $2 {[#]} (46. Bd3 Bxd3 47. Rxd3) 46... h4 {[%cal Bh5h4,Bh4h3][%mdl 32]} 47. Bg2 (47. gxh4 $142 g3+ 48. Ke2) 47... Rh2 48. Kg1 Rxg2+ 49. Rxg2 Bxg2 50. Kxg2 h3+ 51. Kh2 Kg6 {Precision: White = 40%, Black = 52%.} 0-1

[Event "WYCC 2018 O18"]
[Site "Halkidiki"]
[Date "2018.10.20"]
[Round "1"]
[White "Asllani, Muhamet"]
[Black "Janik, Igor"]
[Result "0-1"]
[WhiteElo "2148"]
[BlackElo "2453"]
[Annotator "TA"]
[PlyCount "150"]
[EventDate "2018.10.20"]
[EventType "swiss"]
[EventCountry "GRE"]
[SourceTitle "playchess.com"]
[Source "ChessBase"]
[SourceQuality "1"]

{[%evp 13,150,18,5,0,0,0,8,8,4,12,12,0,0,0,20,32,16,0,0,-7,33,27,31,33,21,4,7,11,12,4,21,0,0,-13,10,-25,0,0,0,0,0,-4,-9,-14,0,-15,-32,-90,-55,-59,-50,-142,-141,-289,-300,-217,-131,-241,-235,-225,-225,-301,-196,-188,-135,-111,-111,-131,-111,-111,-77,-79,-93,-250,-244,-222,-250,-249,-243,-251,-250,-225,-233,-252,-242,-256,-217,-310,-237,-302,-211,-285,-279,-314,-318,-278,-245,-221,-236,-207,-236,-240,-239,-496,-445,-432,-444,-434,-574,-908,-908,-887,-644,-600,-496,-600,-582,-532,-499,-507,-463,-806,-829,-1480,-713,-29978,-29979,-29978,-29980,-29980,-29981,-29981,-29982,-29982,-29983,-29983,-29984,-29984,-29985]} 1. e4 c5 2. Nf3 Nc6 3. d4 cxd4 4. Nxd4 g6 5. Nxc6 bxc6 6. Bc4 Bg7 7. O-O d6 {LiveBook: 8 Games} 8. Re1 {B34: Sicilian: Accelerated Dragon with 5 Nc3: sidelines} (8. Nc3 Nh6 9. Bg5 Ng4 10. Be2 Ne5 11. f4 Nd7 12. Kh1 O-O 13. Qe1 Rb8 14. Rb1 h6 15. Bh4 a5 {0-1 (55) Veleski,R (2248)-Abramovic,B (2437) Skopje 2014}) 8... Qc7 9. Nc3 Nf6 10. Bf4 {The position is equal.} Nd7 11. Qd2 O-O 12. Bh6 Bxh6 $146 ({Predecessor:} 12... Rb8 13. Bxg7 Kxg7 14. Ne2 Ne5 15. Bb3 Ba6 {0-1 (53) Pcola,J (2040)-Balazs,L (2068) Slovakia 2016}) 13. Qxh6 Ne5 14. Bb3 a5 15. h3 Qa7 16. Qh4 Be6 (16... Kh8 {is interesting.} 17. Re3 Rg8 18. Qg5 Be6 19. Rae1 f6) 17. Kh1 Bxb3 18. axb3 f6 19. f4 Nf7 20. Rad1 Qc5 21. Qg4 Ra7 {[%cal Ba8a7,Ba7b7,Bb7b4,Bb4e4,Be4e2,Be2c2][%mdl 32]} 22. Qe6 Kg7 23. Rd2 Rb7 24. Red1 Qe3 25. Qg4 g5 26. fxg5 Qxg5 27. Qf3 Ne5 28. Qf1 Rb4 29. Qa6 {[#]} a4 $1 {[%mdl 512]} 30. Qa5 (30. bxa4 $15 Rxb2 31. Ne2) 30... Rfb8 31. Nxa4 Rxe4 32. Qc7 (32. Qa7 $15 Re8 33. Rf2) 32... Re8 $17 {And now ...Qg3 would win.} 33. Rxd6 (33. Nc3 $17 Re1+ 34. Rxe1 Qxd2 35. Re2 Qc1+ 36. Kh2) 33... Re2 $19 {[%csl Ge2][%cal Rg5g2]} 34. Rg1 Rxc2 35. Rd8 (35. Rdd1 $17) 35... Rxd8 36. Qxd8 Kf7 $1 {...Ng4! is the strong threat.} 37. Qd4 Qf5 38. Qe3 Qg6 (38... Nd3 $19 39. b4 Qd5) 39. b4 $17 Qd3 40. Qh6 Kg8 41. Qh5 {Threatens to win with Qe8+.} Qg6 42. Qd1 Qf5 $36 {[%mdl 2048] [#] White is under strong pressure.} 43. b3 $2 {[#]} (43. b5 $1 $17 {[%mdl 512] was necessary.}) 43... Nd3 $1 $19 {[%cal Rd3f2][%mdl 512] ( -> ...Nf2+)} 44. Qf3 {[#]} Qxf3 $1 45. gxf3+ {[%mdl 4096] Endgame KRN-KRN} Kf7 46. Rg2 Rc1+ 47. Kh2 h5 48. Nc5 Nxb4 ({But not} 48... Nxc5 49. bxc5 Rb1 50. Rc2 $19) 49. Ne4 Nd5 50. Rb2 (50. Ng3 $142) 50... Ne3 51. Kg3 Nf5+ 52. Kf4 Nd4 53. Ke3 e5 54. f4 Re1+ 55. Kd3 Nf5 56. Re2 Rxe2 57. Kxe2 exf4 {KN-KN} 58. Nd2 $2 (58. Kf3) 58... Ne7 59. Kf3 {[#]} Ng6 $1 60. Ne4 Ke6 61. Nc3 Kf5 62. b4 Ne5+ 63. Ke2 f3+ 64. Ke3 {[#]} f2 $1 65. Kxf2 Nd3+ 66. Kg3 Nxb4 67. Kh4 (67. Kf3 $142 Ke5 68. Ne4) 67... Nd5 68. Ne2 Kg6 (68... c5 $142 69. Nc1 Nf4) 69. Ng3 Ne3 {[%cal Re3g2] Black mates.} 70. Nxh5 Ng2+ 71. Kg4 f5+ 72. Kg3 Kxh5 73. Kxg2 c5 {[%cal Bc6c5,Bc5c4][%mdl 32]} 74. Kf3 Kh4 75. Kf4 c4 {Precision: White = 34%, Black = 76%.} 0-1

[Event "WYCC 2018 O18"]
[Site "Halkidiki"]
[Date "2018.10.20"]
[Round "1"]
[White "Rengifo Blancas, Renzo Jhonathan"]
[Black "Gumularz, Szymon"]
[Result "1/2-1/2"]
[WhiteElo "2123"]
[BlackElo "2441"]
[Annotator "TA"]
[PlyCount "81"]
[EventDate "2018.10.20"]
[EventType "swiss"]
[EventCountry "GRE"]
[SourceTitle "playchess.com"]
[Source "ChessBase"]
[SourceQuality "1"]

{[%evp 24,81,50,41,47,35,36,0,85,82,87,56,60,61,61,-87,-65,-78,-86,-87,-82,-104,-32,-41,-36,-64,-68,-123,-52,-142,-135,-133,-138,-121,0,-2,-8,-8,-8,-8,-10,-12,-12,-12,0,0,0,0,0,0,0,0,0,0,0,0,0,0,0,0]} 1. d4 g6 2. e4 Bg7 3. Nc3 d6 4. f4 Nf6 5. Nf3 O-O 6. Bd3 Na6 7. O-O c5 8. d5 Bg4 9. h3 Bxf3 10. Rxf3 Nc7 {B09: Pirc Defence: Austrian Attack} 11. a4 e6 12. dxe6 fxe6 13. Be3 {[#] LiveBook: 6 Games} b6 $146 ({Predecessor:} 13... Qe7 14. Bf2 d5 15. exd5 exd5 16. Qe1 Qd6 17. Qe5 Qb6 18. Nb5 Nxb5 19. axb5 {0-1 (47) Loginov,V (2486)-Efimenko,Z (2643) Wroclaw 2014}) 14. Bf2 d5 15. Bh4 {[#] aiming for e5.} Qd7 (15... dxe4 $11 {keeps the balance.} 16. Nxe4 Qd4+ 17. Bf2 Qb4) 16. e5 $16 Nh5 17. Ne2 Rf7 18. c3 $1 Bh6 19. Qc2 (19. Qd2 $14 {stays ahead.}) 19... Nxf4 $17 20. Nxf4 Rxf4 21. Rxf4 Bxf4 22. Bf6 Bh6 ({Black should try} 22... Be3+ $17 23. Kh1 Bh6) 23. Rf1 $15 Rf8 24. h4 $1 Ne8 25. Rf3 (25. Bb5 $15 Qc8 26. h5 gxh5 27. Bd3 Be3+ 28. Kh1 Nxf6 29. exf6) 25... Bg7 (25... Nxf6 $17 26. exf6 e5 27. Bxg6 e4 28. Bxe4 dxe4 29. Qxe4 Kh8) 26. h5 (26. Bb5 $15 Qc8 27. Qf2) 26... Bxf6 27. exf6 Rxf6 28. hxg6 hxg6 (28... h6 $17 29. Bb5 Qe7) 29. Bb5 $11 {The position is equal.} Qe7 {[#] Strongly threatening ...Ng7.} 30. Bxe8 $1 ({Much worse is} 30. Rxf6 Nxf6 31. Qxg6+ Qg7 $17) 30... Rxf3 31. Qxg6+ Kf8 32. gxf3 {Threatens to win with Bc6.} Qxe8 {[%mdl 4096] Endgame KQ-KQ} 33. Qf6+ $1 Qf7 34. Qd8+ Kg7 35. Kf2 Qf5 36. Qe7+ Kg6 37. Qxa7 Qc2+ 38. Kg3 Qxb2 39. Qe7 Qxc3 {Hoping for ...Qf6.} 40. Qxe6+ Qf6 41. Qxd5 {Precision: White = 51%, Black = 57%.} 1/2-1/2

[Event "WYCC 2018 O18"]
[Site "Halkidiki"]
[Date "2018.10.20"]
[Round "1"]
[White "Torres Cueto, Jesus Marcial"]
[Black "Parvanyan, Ashot"]
[Result "0-1"]
[WhiteElo "2078"]
[BlackElo "2428"]
[Annotator "TA"]
[PlyCount "94"]
[EventDate "2018.10.20"]
[EventType "swiss"]
[EventCountry "GRE"]
[SourceTitle "playchess.com"]
[Source "ChessBase"]
[SourceQuality "1"]

{[%evp 16,94,42,50,52,40,28,0,0,-35,-33,-43,-16,-19,-10,-27,-25,-13,0,-82,-81,-150,-137,-153,-143,-157,-147,-156,-146,-167,-170,-178,-167,-178,-180,-169,-169,-197,-181,-160,-142,-178,-174,-192,-128,-143,-139,-142,-131,-115,-120,-114,-125,-162,-166,-160,-90,-108,-88,-125,-103,-81,-80,-120,-75,-125,-122,-117,-106,-224,-227,-292,-283,-370,-369,-550,-516,-29976,-29976,-29983,-29983]} 1. d4 Nf6 2. c4 g6 3. Nc3 Bg7 4. e4 d6 5. h3 O-O 6. Be3 c5 7. Nf3 cxd4 8. Nxd4 a6 {E90: King's Indian: Classical: Early deviations and 6 h3} 9. Be2 {LiveBook: 3 Games} b6 10. O-O $146 ({Predecessor:} 10. Bf3 Bb7 11. e5 Bxf3 12. Nxf3 dxe5 13. Qxd8 Rxd8 14. Bxb6 Rc8 15. Nd2 Nfd7 16. Be3 {1-0 (64) Jones,G (2666)-Perez Candelario,M (2611) Linares 2018}) 10... Bb7 {White is slightly better.} 11. Bf3 Nbd7 12. Nd5 e6 13. Nxf6+ Bxf6 14. Re1 Ne5 15. Rc1 Rc8 16. b3 Qd7 17. g3 (17. Bh6 $11 {remains equal.}) 17... Nxf3+ $17 18. Qxf3 (18. Nxf3 $142 Bxe4 19. Bh6 Bxf3 20. Qxf3) 18... Bg7 $1 19. Qg2 f5 20. f3 fxe4 21. fxe4 {[#]} d5 $1 22. Rcd1 e5 ({Stronger than} 22... dxe4 {[#]} 23. Nf5 $1 $11 {[%mdl 512]}) 23. Nf3 {[%cal Rc4d5]} d4 24. Bc1 b5 25. Ba3 Rfe8 ({Weaker is} 25... bxc4 26. Bxf8 Rxf8 27. bxc4 $11) 26. cxb5 axb5 27. Bb4 Bh6 28. Rd3 Qe6 29. Kh2 Be3 (29... Bf8 $19 30. Qd2 Bxb4 31. Qxb4 Rf8) 30. Rexe3 dxe3 31. Rxe3 Rc1 32. Re2 Rec8 33. Qf2 Qf6 34. Qg2 R1c7 35. Ne1 Rf7 (35... Rd7 $142 36. Ba3 Qa6) 36. Nd3 Re8 (36... h5 {keeps more tension.} 37. g4 Qd8 38. Nf2 Kh7 39. Qg3 Qf6) 37. Bc5 Qf3 38. Qxf3 Rxf3 39. Nf2 Rd8 40. Ng4 Rfd3 {And now ...Rd2 would win.} 41. Bb4 h5 42. Nxe5 (42. Nf2 $17) 42... R3d4 $1 $19 {[%csl LRb4,LRe4]} 43. Ba5 Ra8 44. Bc3 Rxe4 45. Rf2 (45. Rxe4 {keeps fighting.} Rxa2+ 46. Kg1 Bxe4 47. Nd7) 45... b4 46. Bb2 (46. Bxb4 $19 Rxe5 47. g4) 46... Re1 {[%csl Gb7][%cal Re1h1]} 47. g4 h4 {Precision: White = 40%, Black = 78%.} 0-1

[Event "WYCC 2018 O18"]
[Site "Halkidiki"]
[Date "2018.10.20"]
[Round "1"]
[White "Jimenez Ramallo, Francisco J"]
[Black "Ayats Llobera, Gerard"]
[Result "1/2-1/2"]
[WhiteElo "2073"]
[BlackElo "2399"]
[Annotator "NA"]
[PlyCount "84"]
[EventDate "2018.10.20"]
[EventType "swiss"]
[EventCountry "GRE"]
[SourceTitle "playchess.com"]
[Source "ChessBase"]
[SourceQuality "1"]
[TimeControl "40/5400+30:1800+30"]

1. c4 {[%emt 0:00:00]} e5 {[%emt 0:00:00]} 2. Nc3 {[%emt 0:00:00]} d6 {[%emt 0:00:00]} 3. g3 {[%emt 0:00:00]} Nc6 {[%emt 0:00:00]} 4. Bg2 {[%emt 0:00:09]} Be6 {[%emt 0:00:00]} 5. d3 {[%emt 0:02:04]} Qd7 {[%emt 0:00:00]} 6. Rb1 {[%emt 0:03:05]} g6 {[%emt 0:00:11]} 7. Nd5 {[%emt 0:14:14] A25: English Opening vs King's Indian with ...Nc6 but without early d3} Bg7 {[%emt 0:02:15]} 8. Nf3 {[%emt 0:01:47]} h6 {[%emt 0:00:58]} 9. O-O {[%emt 0:05:23]} Nd8 {[%emt 0:11:27]} 10. e3 $146 {[%emt 0:13:13]} ({Predecessor:} 10. e4 c6 11. Nc3 Ne7 12. b3 Bg4 13. Be3 Ne6 14. h3 Bxf3 15. Qxf3 O-O {½-½ (40) Apicella,M (2520)-Mouhamad,J (2224) Nimes 2014}) 10... c6 {[%emt 0:00:37]} 11. Nc3 {[%emt 0:00:20]} f5 {[%emt 0:03:26]} 12. Qe2 {[%emt 0:01:39]} Nf6 {[%emt 0:00:12]} 13. d4 {[%emt 0:10:30]} e4 {[%emt 0:01:43]} 14. Nd2 {[%emt 0:00:07]} O-O {[%emt 0:01:12]} 15. b4 {[%emt 0:05:15]} g5 {[%emt 0:18:29]} 16. f3 {[%emt 0:15:57]} exf3 {[%emt 0:00:26]} 17. Bxf3 {[%emt 0:01:40]} d5 {[%emt 0:00:53]} 18. Nb3 {[%emt 0:04:21]} b6 {[%emt 0:11:49]} 19. c5 {[%emt 0:02:48]} Ne4 {[%emt 0:00:41]} 20. Bd2 {[%emt 0:01:48]} Bf7 {[%emt 0:03:57]} 21. Bxe4 $15 {[%emt 0:06:50]} fxe4 {[%emt 0:02:40]} 22. Qa6 {[%emt 0:01:04]} Rb8 {[%emt 0:05:06]} 23. b5 {[%emt 0:01:13]} Bh5 {[%emt 0:03:39]} 24. bxc6 {[%emt 0:00:47]} Nxc6 {[%emt 0:00:21]} 25. cxb6 {[%emt 0:01:57]} Rxb6 {[%emt 0:02:02]} 26. Rxf8+ {[%emt 0:00:51]} Bxf8 {[%emt 0:00:05]} 27. Qf1 {[%emt 0:00:21]} Bf3 {[%emt 0:01:15]} 28. Na4 {[%emt 0:00:45]} Rb8 {[%emt 0:00:50]} 29. Nbc5 {[%emt 0:00:17]} Qc8 {[%emt 0:01:45]} 30. Rxb8 {[%emt 0:04:34]} Nxb8 {[%emt 0:00:02]} 31. h3 {[%emt 0:01:40]} Bd6 {[%emt 0:00:15]} 32. Be1 {[%emt 0:00:13]} Qc7 {[%emt 0:00:34]} 33. Qf2 {[%emt 0:01:04]} h5 {[%emt 0:02:04]} 34. a3 {[%emt 0:00:31]} h4 {[%emt 0:02:14]} 35. Qa2 {[%emt 0:00:13]} Qf7 {[%emt 0:01:23]} 36. Nc3 {[%emt 0:00:17]} hxg3 {[%emt 0:02:33]} 37. Qxd5 {[%emt 0:00:09]} Qxd5 {[%emt 0:00:17]} 38. Nxd5 {[%emt 0:00:01]} Kf7 {[%emt 0:01:08]} 39. Nc3 {[%emt 0:00:48]} Bxc5 {[%emt 0:00:04]} 40. dxc5 {[%emt 0:00:00]} g2 {[%emt 0:00:00]} 41. Nb5 {[%emt 0:04:33]} Nc6 {[%emt 0:01:14]} 42. Bc3 {[%emt 0:05:34]} Ke6 {[%emt 0:18:42]} 1/2-1/2

[Event "WYCC 2018 O18"]
[Site "Halkidiki"]
[Date "2018.10.20"]
[Round "1"]
[White "Samaridis, Konstantinos"]
[Black "Bronstein, Or"]
[Result "0-1"]
[WhiteElo "2052"]
[BlackElo "2385"]
[Annotator "NA"]
[PlyCount "98"]
[EventDate "2018.10.20"]
[EventType "swiss"]
[EventCountry "GRE"]
[SourceTitle "playchess.com"]
[Source "ChessBase"]
[SourceQuality "1"]
[TimeControl "40/5400+30:1800+30"]

1. c4 {[%emt 0:00:00]} g6 {[%emt 0:01:06]} 2. g3 {[%emt 0:00:00]} Bg7 {[%emt 0:00:14]} 3. Bg2 {[%emt 0:00:00]} c5 {[%emt 0:00:16]} 4. Nc3 {[%emt 0:00:26]} Nc6 {[%emt 0:02:51]} 5. a3 {[%emt 0:02:26]} e6 {[%emt 0:01:11]} 6. Rb1 {[%emt 0:02:45]} Nge7 {[%emt 0:00:29]} 7. b4 {[%emt 0:01:19] A36: Englische Eröffnung (Botwinnik-Variante)} d6 {[%emt 0:02:09]} 8. h4 {[%emt 0:08:41]} (8. Nf3 O-O 9. O-O b6 10. e3 d5 11. bxc5 bxc5 12. Na4 Qd6 13. d3 Ba6 14. Qc2 Rab8 15. Rxb8 Rxb8 16. cxd5 Nxd5 17. e4 {½-½ (33) Ding,L (2773)-Svidler,P (2755) Moscow 2017}) 8... O-O {[%emt 0:17:16]} 9. Nf3 {[%emt 0:04:49]} h6 {[%emt 0:11:36]} 10. Qb3 $146 {[%emt 0:06:36]} ({Vorgänger:} 10. O-O Rb8 11. Qc2 b6 12. d3 Bb7 13. e4 Qd7 14. Be3 Nd4 15. Qd2 Kh7 16. Bxd4 cxd4 17. Nb5 Nc6 {½-½ (17) Reschke,S (2358)-Andersson,U (2565) Bad Zwesten 2006}) 10... b6 {[%emt 0:07:17]} 11. Bb2 {[%emt 0:06:08]} Bb7 {[%emt 0:02:13]} 12. O-O {[%emt 0:01:37]} Rb8 {[%emt 0:00:29]} 13. e3 {[%emt 0:04:53]} Qd7 {[%emt 0:07:56]} 14. Ne2 {[%emt 0:02:38]} Ne5 {[%emt 0:11:13]} 15. Nxe5 {[%emt 0:05:01]} dxe5 {[%emt 0:00:02]} 16. d3 {[%emt 0:05:03]} Bxg2 {[%emt 0:02:22]} 17. Kxg2 {[%emt 0:00:59]} Rfd8 {[%emt 0:01:26]} 18. Rfd1 {[%emt 0:00:27]} Qc6+ {[%emt 0:01:09]} 19. e4 $11 {[%emt 0:03:29]} f5 {[%emt 0:07:36]} 20. f3 {[%emt 0:00:17]} g5 {[%emt 0:00:07]} 21. b5 {[%emt 0:06:13]} Qb7 {[%emt 0:00:24]} 22. hxg5 {[%emt 0:00:52]} hxg5 {[%emt 0:00:01]} 23. Qc2 {[%emt 0:01:52]} Ng6 {[%emt 0:01:37]} 24. Bc3 {[%emt 0:05:56]} Rf8 {[%emt 0:00:36]} 25. Rh1 {[%emt 0:08:25]} Rbd8 {[%emt 0:00:28]} 26. a4 {[%emt 0:06:00]} Qe7 {[%emt 0:02:50]} 27. Bd2 {[%emt 0:01:48]} g4 {[%emt 0:01:21]} 28. fxg4 {[%emt 0:01:15]} f4 {[%emt 0:00:26]} 29. Ng1 {[%emt 0:04:50]} Qg5 {[%emt 0:00:33]} 30. Kf3 {[%emt 0:00:19]} Qf6 {[%emt 0:01:26]} 31. Kg2 {[%emt 0:05:47]} fxg3 {[%emt 0:00:23]} 32. Be3 {[%emt 0:00:01]} Nf4+ {[%emt 0:01:04]} 33. Bxf4 {[%emt 0:00:02]} Qxf4 {[%emt 0:01:32]} 34. Qe2 {[%emt 0:00:27]} Qf2+ {[%emt 0:08:37]} 35. Qxf2 {[%emt 0:00:12]} gxf2 {[%emt 0:00:02]} 36. Nh3 {[%emt 0:00:57]} Rxd3 {[%emt 0:00:05]} 37. Rhf1 {[%emt 0:01:28]} Rd4 {[%emt 0:00:48]} 38. Ng5 {[%emt 0:02:30]} Rf6 {[%emt 0:02:23]} 39. Rxf2 {[%emt 0:01:01]} Rg6 {[%emt 0:00:04]} 40. Rf7 {[%emt 0:00:00]} Rxg5 {[%emt 0:00:00]} 41. Rxa7 {[%emt 0:01:34]} Rxg4+ {[%emt 0:00:23]} 42. Kh3 {[%emt 0:00:17]} Rg6 {[%emt 0:00:42]} 43. a5 {[%emt 0:00:24]} Rd3+ {[%emt 0:00:19]} 44. Kh2 {[%emt 0:00:55]} Bh6 {[%emt 0:00:05]} 45. Rf1 {[%emt 0:00:46]} Bf4+ {[%emt 0:00:11]} 46. Rxf4 {[%emt 0:00:06]} exf4 {[%emt 0:00:10]} 47. axb6 {[%emt 0:03:00]} Rd2+ {[%emt 0:00:02]} 48. Kh1 {[%emt 0:00:09]} f3 {[%emt 0:00:24]} 49. Ra1 {[%emt 0:00:37]} Rh6+ {[%emt 0:00:05]} 0-1

[Event "WYCC 2018 O18"]
[Site "Halkidiki"]
[Date "2018.10.20"]
[Round "1"]
[White "Stavropoulos, Konstantinos"]
[Black "Muha, Miljenko"]
[Result "0-1"]
[WhiteElo "2045"]
[BlackElo "2365"]
[Annotator "NA"]
[PlyCount "74"]
[EventDate "2018.10.20"]
[EventType "swiss"]
[EventCountry "GRE"]
[SourceTitle "playchess.com"]
[Source "ChessBase"]
[SourceQuality "1"]
[TimeControl "40/5400+30:1800+30"]

1. d4 {[%emt 0:00:00]} d5 {[%emt 0:00:00]} 2. c4 {[%emt 0:00:16]} e6 {[%emt 0:00:00]} 3. Nc3 {[%emt 0:00:30]} Be7 {[%emt 0:00:38]} 4. cxd5 {[%emt 0:01:28]} exd5 {[%emt 0:00:14]} 5. Bf4 {[%emt 0:00:09]} c6 {[%emt 0:00:54]} 6. Qc2 {[%emt 0:03:01]} Nf6 {[%emt 0:09:45]} 7. e3 {[%emt 0:01:42]} Bd6 {[%emt 0:03:16]} 8. Bg5 {[%emt 0:06:30]} Be6 {[%emt 0:03:31]} 9. Bd3 {[%emt 0:01:47]} h6 {[%emt 0:03:28]} 10. Bh4 {[%emt 0:00:16]} Nbd7 {[%emt 0:00:21]} 11. Nge2 {[%emt 0:06:01]} O-O {[%emt 0:11:29]} 12. f3 {[%emt 0:20:37]} c5 {[%emt 0:05:51]} 13. O-O {[%emt 0:04:31]} Qe7 {[%emt 0:08:55]} 14. Nb5 {[%emt 0:11:37]} Bb8 {[%emt 0:04:40]} 15. dxc5 $14 {[%emt 0:01:44]} Qxc5 {[%emt 0:02:08]} 16. Qd2 {[%emt 0:05:29]} Qb6 {[%emt 0:08:02]} 17. Nbd4 {[%emt 0:06:11]} Re8 {[%emt 0:00:46]} 18. Rac1 {[%emt 0:00:56]} Bd6 {[%emt 0:04:30]} 19. a3 {[%emt 0:08:20]} Bc5 {[%emt 0:03:07]} 20. Rc3 {[%emt 0:03:23]} a6 {[%emt 0:03:01]} 21. Rfc1 {[%emt 0:00:42]} Bd6 {[%emt 0:06:33]} 22. Bf2 {[%emt 0:05:22]} Qd8 {[%emt 0:02:29]} 23. Bb1 {[%emt 0:02:04]} Nf8 {[%emt 0:02:00]} 24. Ba2 {[%emt 0:00:30]} Bd7 {[%emt 0:02:56]} 25. Bh4 {[%emt 0:01:47]} Ng6 {[%emt 0:03:01]} 26. Bxf6 {[%emt 0:02:15]} Qxf6 {[%emt 0:00:07]} 27. f4 {[%emt 0:00:07]} Ne7 {[%emt 0:01:31]} 28. Nf3 {[%emt 0:00:56]} Rad8 {[%emt 0:01:39]} 29. Bxd5 {[%emt 0:01:46]} Nxd5 {[%emt 0:00:17]} 30. Qxd5 {[%emt 0:00:05]} Bc6 {[%emt 0:00:55]} 31. Qh5 {[%emt 0:00:31]} Bb8 {[%emt 0:01:06]} 32. Ned4 {[%emt 0:00:15]} Ba7 {[%emt 0:01:24]} 33. Nxc6 {[%emt 0:02:44]} bxc6 {[%emt 0:00:29]} 34. Ne5 {[%emt 0:02:41]} Qxf4 {[%emt 0:00:25]} 35. Rf1 {[%emt 0:00:11]} Bxe3+ {[%emt 0:00:43]} 36. Rxe3 {[%emt 0:00:07]} Qxe3+ {[%emt 0:00:04]} 37. Kh1 {[%emt 0:01:07]} Qxe5 {[%emt 0:00:14]} 0-1